| 000 | 01006nam a2200253Ia 4500 | ||
|---|---|---|---|
| 003 | OSt | ||
| 005 | 20250711140927.0 | ||
| 008 | 191128s2010 sp a br 000 f spa d | ||
| 020 | _a9788466716420 | ||
| 040 |
_aCO-JMCR _cCO-JMCR |
||
| 041 | _aspa | ||
| 082 | 0 | 4 |
_aN _bALOv |
| 100 | 1 |
_aAlonso, Manuel L. _eautor _96303 |
|
| 245 | 1 | 0 |
_aVacaciones peligrosas / _cManuel L. Alonso ; ilustrador Francisco Solé |
| 250 | _aSexta edición | ||
| 260 |
_aEspaña : _bAnaya, _c2010 |
||
| 300 |
_a118 páginas : _bilustraciones ; _c19 cm. |
||
| 490 | 0 | _aEl duende verde | |
| 500 | _aRecomendado para niños a partir de 12 años. | ||
| 520 | _aLeo viaja al encuentro de su padre para pasar con él unas cortas vacaciones. No sospecha que en su destino le aguardan inesperados enigmas: la propia actitud de su padre, un perseguidor de oscuras intenciones, un cuarto cerrado que esconde un misterio… En | ||
| 650 | 1 | 4 |
_aNovela infantil _91227 |
| 700 |
_aSolé, Francisco, _eilustrador _96304 |
||
| 942 |
_2ddc _cBK |
||
| 999 |
_c3538 _d3538 |
||